| 000 | 00506cam a22001457a 4500 | ||
|---|---|---|---|
| 008 | 180718b1990 xxu||||| |||| 00| 0 eng d | ||
| 082 | _aOx54 Sa19 | ||
| 100 | _aSahni, Ashok | ||
| 245 |
_aCommunity participation in health and family welfare: innovative experiences in India _cby Ashok Sahni and S. Xirassgar |
||
| 260 |
_aBangalore _bIndian Society for Health Administrators _c1990 |
||
| 300 | _a271p. | ||
| 650 | _aCommunity Participation | ||
| 650 | _aPublic Health - India | ||
| 700 | _aXirasagar, Sudha | ||
| 999 |
_c477488 _d477488 |
||